Open Data Biblioteca Nacional de Portugal


República Portuguesa: Ministério da Cultura
Biblioteca Nacional de Portugal

Catálogo da BNP: acesso por Identificadores Unívocos
Registos Bibliográficos associados ao registo de autoridade

Etiqueta de registo: 00254nam 2200025 450
001 2286343
003 http://id.bnportugal.gov.pt/bib/catbnp/2286343
010 ## $a978-989-703-310-0
021 ## $aPT$b540136/24
100 ## $a20260514d2024 k y0pory01030103ba
101 1# $apor$cfre
102 ## $aPT
105 ## $ay z 000yy
106 ## $ar
200 1# $aPalavras nocturnas$fJacques Derrida, Alain Veinstein$gtrad. Fernanda Bernardo.$c seguidas de A desconstrução, um idioma filosófico$fFernanda Bernardo
210 #9 $aCoimbra$cPalimage,$d2024
215 ## $a209, [3] p.$d23 cm
225 2# $aSkiagraphia's
304 ## $aTít. orig.: Paroles nocturnes
517 1# $a A desconstrução, um idioma filosófico
700 #1 $aDerrida,$bJacques,$f1930-2004$339470
701 #1 $aVeinstein,$bAlain,$f1942-$4070$3482930
701 #1 $aBernardo,$bFernanda$4070$3209533
801 #0 $aPT$bBN$gRPC
966 ## $lBN$mFGMON$x1
971 ## $cssilva$d20260514

Etiqueta de registo: 00000nam 2200025 450
001 1871293
003 http://id.bnportugal.gov.pt/bib/catbnp/1871293
100 ## $a20140424d1974 m y0pory01030103ba
101 0# $afre
102 ## $aFR
106 ## $ar
200 1# $aRépétition sur les amas
210 #9 $a[Paris]$cMercure de France,$dcop. 1974
215 ## $a[105] p.
675 ## $a821.133.1-1"19/20"$vBN$zpor$31259924
700 #1 $aVeinstein,$bAlain,$f1942-$3482930
801 #0 $aPT$bBN$gRPC
966 ## $lBN$mFGMON$pBiblioteca Alberto de Lacerda$sL. 134645 V.$x3
997 ## $aBIBEOD

Etiqueta de registo: 00000nam 2200025 450
001 1883902
003 http://id.bnportugal.gov.pt/bib/catbnp/1883902
100 ## $a20140918d1974 m y0pory01030103ba
101 0# $afre
102 ## $aFR
106 ## $ar
200 1# $aQui l'emportera?
210 #9 $aParis$c[s.n.],$d1974
215 ## $a[21] p.
225 2# $a Le collet de buffle
675 ## $a821.133.1-1"19/20"$vBN$zpor$31259924
700 #1 $aVeinstein,$bAlain,$f1942-$3482930
801 #0 $aPT$bBN$gRPC
966 ## $lBN$mFGMON$pBiblioteca Alberto de Lacerda$sL. 143427 V.$x3
997 ## $aBIBEOD

OpendataBNP@bnportugal.pt | Mais informação sobre acesso aos dados BNP